000 01450nam a22003137a 4500
001 TTS 0015
003 gtcocun
005 20260323191331.0
006 a||||gr|||| 00| 0
007 ta
008 260323b2005 gt ||||| m||| 00| 0 eng d
040 _agtcocun
_bSPA
_cgtcocun
_eRDA
041 _aSPA TTS 0015
084 _0TTS 0015
100 _aDuarte Polanco, Ciria Elisabeth
_eAutor
245 _aIMPORTANCIA DE LA PARTICIPACIÓN DEL TRABAJADOR SOCIAL EN EL PROGRAMA DE PREVENCIÓN DE LA ENFERMEDAD DE TRASMISIÓN SEXUAL, (SIDA), EN LA CABECERA MUNICIPAL DE JALAPA/.
_cCiria Elisabeth Duarte Polanco.
_hImpreso
264 _aCobán, Alta Verapaz:
_bUniversidad de San Carlos de Guatemala, Centro Universitario del Norte, Carrera de Trabajo Social
_c2005
300 _a98 p.:
_bIlustraciones, gráficas.
_c28 cm;
336 _2rdacontenido
_aTexto
_btxt
337 _2rdamedio
_aComputadora
_bn
338 _2rdasoporte
_aCódigo en línea
_bcr
502 _aTesis de grado
_bCarrera de Trabajo Social,
_cUniversidad de San Carlos de Guatemala, Centro Universitario del Norte, Carrera de Trabajo Social
_d2005
_oTTS 0015
_eTTS 0015
520 1 4 _aLa estudiante no realizó el resumen.
650 1 4 _2LEMB
_aJalapa, Jalapa
_xTrabajo Social
700 _aLicda. Hilda Guissela Ortiz Cruz
_eAsesor
856 _uSin archivo en linea
_zSin archivo en linea
942 _2ddc
_cTES
_iTTS 0015
_kClasificación
_n0
_6TTS_0015_000000000000000
999 _c2739
_d2739